<?xml version="1.0" encoding="UTF-8"?>
<record
    xmlns:xsi="http://www.w3.org/2001/XMLSchema-instance"
    xsi:schemaLocation="http://www.loc.gov/MARC21/slim http://www.loc.gov/standards/marcxml/schema/MARC21slim.xsd"
    xmlns="http://www.loc.gov/MARC21/slim">

  <leader>00704nam a22001577a 4500</leader>
  <controlfield tag="003">OSt</controlfield>
  <controlfield tag="005">20151008132933.0</controlfield>
  <controlfield tag="008">151008b        xxu||||| |||| 00| 0 eng d</controlfield>
  <datafield tag="040" ind1=" " ind2=" ">
    <subfield code="c">RUA</subfield>
  </datafield>
  <datafield tag="082" ind1=" " ind2=" ">
    <subfield code="a">AVM UON 2007 B080 Or.1</subfield>
  </datafield>
  <datafield tag="100" ind1=" " ind2=" ">
    <subfield code="9">2356</subfield>
    <subfield code="a">UON, VICHET.</subfield>
  </datafield>
  <datafield tag="245" ind1=" " ind2=" ">
    <subfield code="a">Study on small scale holder of pig raising in leaybour commune, tramkak district, takeo province, &#x1780;&#x17B6;&#x179A;&#x179F;&#x17B7;&#x1780;&#x17D2;&#x179F;&#x17B6;&#x179B;&#x17BE;&#x1780;&#x17B6;&#x179A;&#x1785;&#x17B7;&#x1789;&#x17D2;&#x1785;&#x17B9;&#x1798;&#x1787;&#x17D2;&#x179A;&#x17BC;&#x1780;&#x1787;&#x17B6;&#x179B;&#x1780;&#x17D2;&#x1781;&#x178E;&#x17C8;&#x1782;&#x17D2;&#x179A;&#x17BD;&#x179F;&#x17B6;&#x179A;&#x1793;&#x17C5;&#x1780;&#x17D2;&#x1793;&#x17BB;&#x1784;&#x1783;&#x17BB;&#x17C6;&#x179B;&#x17B6;&#x1799;&#x1794;&#x17BC;&#x179A; &#x179F;&#x17D2;&#x179A;&#x17BB;&#x1780;&#x178F;&#x17D2;&#x179A;&#x17B6;&#x17C6;&#x1780;&#x1780;&#x17CB;&#x200B;&#x1781;&#x17C1;&#x178F;&#x17D2;&#x178F;&#x178F;&#x17B6;&#x1780;&#x17C2;&#x179C;</subfield>
  </datafield>
  <datafield tag="260" ind1=" " ind2=" ">
    <subfield code="a">Phnom Penh</subfield>
    <subfield code="b">RUA</subfield>
    <subfield code="c">2007</subfield>
  </datafield>
  <datafield tag="300" ind1=" " ind2=" ">
    <subfield code="a">x; 54p.</subfield>
    <subfield code="b">ill.</subfield>
    <subfield code="c">29cm.</subfield>
  </datafield>
  <datafield tag="942" ind1=" " ind2=" ">
    <subfield code="2">ddc</subfield>
    <subfield code="c">AVM</subfield>
  </datafield>
  <datafield tag="999" ind1=" " ind2=" ">
    <subfield code="c">2218</subfield>
    <subfield code="d">2218</subfield>
  </datafield>
  <datafield tag="952" ind1=" " ind2=" ">
    <subfield code="0">0</subfield>
    <subfield code="1">0</subfield>
    <subfield code="2">ddc</subfield>
    <subfield code="4">0</subfield>
    <subfield code="6">AVM_UON_2007_000000000000000_B080_OR_1</subfield>
    <subfield code="7">0</subfield>
    <subfield code="9">9187</subfield>
    <subfield code="a">LBB</subfield>
    <subfield code="b">LBB</subfield>
    <subfield code="c">B080</subfield>
    <subfield code="d">2015-10-08</subfield>
    <subfield code="o">AVM UON 2007 B080 Or.1</subfield>
    <subfield code="p">RUA009507</subfield>
    <subfield code="r">2015-10-08</subfield>
    <subfield code="w">2015-10-08</subfield>
    <subfield code="y">AVM</subfield>
  </datafield>
  <datafield tag="952" ind1=" " ind2=" ">
    <subfield code="0">0</subfield>
    <subfield code="1">0</subfield>
    <subfield code="2">ddc</subfield>
    <subfield code="4">0</subfield>
    <subfield code="6">AVM_UON_2007_000000000000000_B080_OR_2</subfield>
    <subfield code="7">0</subfield>
    <subfield code="9">9188</subfield>
    <subfield code="a">LBB</subfield>
    <subfield code="b">LBB</subfield>
    <subfield code="c">B080</subfield>
    <subfield code="d">2015-10-08</subfield>
    <subfield code="o">AVM UON 2007 B080 Or.2</subfield>
    <subfield code="p">RUA027762</subfield>
    <subfield code="r">2015-10-08</subfield>
    <subfield code="w">2015-10-08</subfield>
    <subfield code="y">AVM</subfield>
  </datafield>
  <datafield tag="952" ind1=" " ind2=" ">
    <subfield code="0">0</subfield>
    <subfield code="1">0</subfield>
    <subfield code="2">ddc</subfield>
    <subfield code="4">0</subfield>
    <subfield code="6">AVM_UON_2007_000000000000000_B080_OR_3</subfield>
    <subfield code="7">0</subfield>
    <subfield code="9">14926</subfield>
    <subfield code="a">LBB</subfield>
    <subfield code="b">LBB</subfield>
    <subfield code="c">B080</subfield>
    <subfield code="d">2015-11-05</subfield>
    <subfield code="o">AVM UON 2007 B080 Or.3</subfield>
    <subfield code="p">RUA034473</subfield>
    <subfield code="r">2015-11-05</subfield>
    <subfield code="w">2015-11-05</subfield>
    <subfield code="y">AVM</subfield>
  </datafield>
  <datafield tag="952" ind1=" " ind2=" ">
    <subfield code="0">0</subfield>
    <subfield code="1">0</subfield>
    <subfield code="2">ddc</subfield>
    <subfield code="4">0</subfield>
    <subfield code="6">AVM_UON_2007_000000000000000_B080_OR_4</subfield>
    <subfield code="7">0</subfield>
    <subfield code="9">36987</subfield>
    <subfield code="a">LBB</subfield>
    <subfield code="b">LBB</subfield>
    <subfield code="c">B080</subfield>
    <subfield code="d">2016-02-03</subfield>
    <subfield code="o">AVM UON 2007 B080 Or.4</subfield>
    <subfield code="p">RUA41304</subfield>
    <subfield code="r">2016-02-03</subfield>
    <subfield code="w">2016-02-03</subfield>
    <subfield code="y">AVM</subfield>
  </datafield>
</record>
